| 000 | 01038nam a2200289 i 4500 | ||
|---|---|---|---|
| 001 | bg | ||
| 003 | BPK | ||
| 005 | 20220905095254.0 | ||
| 008 | 061207s1972 pl a f f |000 0 pol | ||
| 015 | _aPB 1973/1284 | ||
| 040 |
_aWA N _cBPK |
||
| 080 | _a620.17 | ||
| 080 | _a539.4 | ||
| 080 | _a(075.8) | ||
| 100 | 1 |
_aKurowski, Rajnold _d(1889-1953) _eAutor |
|
| 245 | 1 | 0 |
_aWytrzymałość materiałów : _bpodręcznik dla wydziałów mechanicznych politechnik / _cRajnold Kurowski, Michał Edward Niezgodziński. |
| 250 | _aWyd. 10 popr. | ||
| 260 |
_aWarszawa : _bPańst. Wydaw. Nauk., _cdr. 1972. |
||
| 300 |
_a487, [2] s., [1] k. tabl. : _bil. ; _c23 cm. |
||
| 504 | _aBibliogr. | ||
| 655 | 4 | _aPodręczniki akademickie | |
| 650 | 4 | _aWytrzymałość materiałów | |
| 700 | 1 |
_aNiezgodziński, Michał Edward _d(1919-2010) _eAutor |
|
| 710 | 2 |
_aPaństwowe Wydawnictwo Naukowe _4pbl. |
|
| 942 |
_2UKD _cKS |
||
| 856 |
_uhttp://koha.tu.koszalin.pl/cgi-bin/koha/opac-detail.pl?biblionumber=420 _yKatalog online BPK |
||
| 999 |
_c420 _d420 |
||